| 000 | 00628nam a2200241Ia 4500 | ||
|---|---|---|---|
| 003 | OSt | ||
| 005 | 20221007071313.0 | ||
| 006 | a|||||r|||| 00| 0 | ||
| 007 | ta | ||
| 008 | 221006b |||||||| |||| 00| 0 eng d | ||
| 024 | _a19,908 | ||
| 037 | _cTextual | ||
| 040 |
_aFLL _cFLL _beng |
||
| 041 |
_2eng _aeng |
||
| 082 | _aD65,8(B)0aX5:Z, P0 | ||
| 100 |
_aYork S. _9688477 |
||
| 245 | 0 | _aE-Commerce | |
| 260 |
_aLondon _bButterworth England _c2000 |
||
| 300 |
_a321p _ccm. |
||
| 700 |
_a Chia K. _9688478 |
||
| 942 |
_hD65,8(B)0aX5:Z, P0 _cTEXL _2CC |
||
| 999 |
_c1142999 _d1142999 |
||